[Event "AUTO-ADV-2081"]
[Site "http://www.queenalice.com/game.php?id=904730"]
[Date "2011.2.24"]
[Round "1"]
[White "KobeB"]
[Black "GM_V_Kramnik"]
[Result "1-0"]
[WhiteElo "1899"]
[BlackElo "1952"]

1. e4 c5 2. Nf3 d6 3. Bb5+ Nd7 4. O-O Nf6 5. d3 a6 6. Bxd7+ Bxd7 7. b3 g6 8. Bb2
Bg7 9. e5 Nd5 10. Nbd2 O-O 11. Rb1 Qc7 12. exd6 exd6 13. c4 Nc3 14. Bxc3 Bxc3
15. Ne4 Bg7 16. Ng3 Bc6 17. b4 b6 18. bxc5 dxc5 19. Re1 1-0

[Event "AUTO-ADV-2082"]
[Site "http://www.queenalice.com/game.php?id=905264"]
[Date "2011.2.25"]
[Round "1"]
[White "LEPARY"]
[Black "GM_V_Kramnik"]
[Result "1-0"]
[WhiteElo "1811"]
[BlackElo "2150"]

1. e4 c5 2. c4 Nc6 3. Nf3 e6 4. b3 Nf6 5. d3 d5 6. Nbd2 Bd6 7. Bb2 d4 8. a3 O-O
9. Be2 Re8 10. h3 e5 11. Qc2 Nh5 12. g3 Nf6 13. Nh4 Be6 14. Ndf3 h6 15. g4 Bc7
16. O-O-O b5 17. g5 hxg5 18. Nxg5 bxc4 19. Nxe6 1-0

[Event "AUTO-ADV-2082"]
[Site "http://www.queenalice.com/game.php?id=905265"]
[Date "2011.2.25"]
[Round "1"]
[White "GM_V_Kramnik"]
[Black "LEPARY"]
[Result "0-1"]
[WhiteElo "2173"]
[BlackElo "1781"]

1. d4 d5 2. c4 dxc4 3. Nf3 Nc6 4. e4 b5 5. a4 Ba6 6. axb5 Bxb5 7. b3 Na5 8. bxc4
Nxc4 9. Bxc4 c6 10. Qb3 e6 11. Bxb5 cxb5 12. Qxb5+ Qd7 13. Qxd7+ Kxd7 14. Ne5+
Ke8 15. Nc3 Bb4 16. Bd2 a6 17. O-O Nf6 18. f3 Nd7 19. Nxd7 Kxd7 20. Rfb1 Rhb8
21. Kf2 a5 22. Ke2 Ra7 23. Na4 Rab7 0-1

[Event "AUTO-ADV-2082"]
[Site "http://www.queenalice.com/game.php?id=905280"]
[Date "2011.2.25"]
[Round "1"]
[White "GM_V_Kramnik"]
[Black "luizpessoa"]
[Result "0-1"]
[WhiteElo "1764"]
[BlackElo "1747"]

1. d4 Nf6 2. Nf3 d5 3. c4 dxc4 4. Nc3 Bf5 5. e3 Nc6 6. d5 Nb4 7. Qa4+ Qd7 8.
Qxb4 b5 9. Qxb5 Qxb5 10. Nxb5 O-O-O 11. Bxc4 e6 12. Nbd4 Be4 13. Ba6+ Kd7 14.
Ne5+ Ke8 15. Bb5+ Nd7 16. dxe6 Bb4+ 17. Bd2 Bxd2+ 18. Kxd2 Kf8 19. exd7 Bxg2 20.
Rhg1 Bd5 21. Bc6 f6 22. Bxd5 fxe5 23. Ne6+ Ke7 24. Rxg7+ Kf6 25. Nxd8 Kxg7 26.
Nc6 Kf6 27. Rg1 h5 28. Rg8 Rxg8 0-1

[Event "AUTO-ADV-2082"]
[Site "http://www.queenalice.com/game.php?id=905281"]
[Date "2011.2.25"]
[Round "1"]
[White "luizpessoa"]
[Black "GM_V_Kramnik"]
[Result "0-1"]
[WhiteElo "1721"]
[BlackElo "2167"]

1. e4 c5 2. Bc4 e6 3. d3 Nc6 4. Be3 Nf6 5. Nc3 d5 6. Bb3 d4 7. Nce2 dxe3 8. fxe3
Ng4 9. Qd2 c4 10. Bxc4 Qb6 11. b3 Nxe3 12. Nf4 Nb4 13. Ke2 Nbxc2 14. Rc1 Bb4 15.
Nd5 exd5 16. Qxc2 Nxc2 17. Rxc2 dxc4 18. Rxc4 Be6 19. Rc2 O-O 20. Nf3 Rac8 21.
Rxc8 Rxc8 22. Rd1 Rc2+ 23. Kf1 Qf2# 0-1

[Event "AUTO-ADV-2082"]
[Site "http://www.queenalice.com/game.php?id=905282"]
[Date "2011.2.25"]
[Round "1"]
[White "GM_V_Kramnik"]
[Black "Agildo"]
[Result "0-1"]
[WhiteElo "2028"]
[BlackElo "1838"]

1. e4 c6 2. d4 d5 3. e5 Bf5 4. Ne2 e6 5. Ng3 Bg6 6. h4 h6 7. h5 Bh7 8. Bd3 Be7
9. Bxh7 Rxh7 10. Qd3 Rh8 11. Nc3 c5 0-1

[Event "AUTO-ADV-2082"]
[Site "http://www.queenalice.com/game.php?id=905283"]
[Date "2011.2.25"]
[Round "1"]
[White "Agildo"]
[Black "GM_V_Kramnik"]
[Result "1-0"]
[WhiteElo "1862"]
[BlackElo "2004"]

1. e4 c6 2. d4 d5 3. exd5 cxd5 4. c4 Nf6 5. Bd3 Nc6 6. Nf3 e6 7. O-O Be7 8. Nc3
dxc4 9. Bxc4 O-O 10. h3 Qb6 11. b3 Rd8 12. Be3 1-0

[Event "AUTO-MASTER-1365"]
[Site "http://www.queenalice.com/game.php?id=911582"]
[Date "2011.3.11"]
[Round "1"]
[White "afonso092"]
[Black "GM_V_Kramnik"]
[Result "1-0"]
[WhiteElo "2010"]
[BlackElo "1966"]

1. e4 c5 2. Nf3 d6 3. h3 Nf6 4. Nc3 Nc6 5. a3 g6 6. Bc4 Bg7 7. d3 O-O 8. O-O Bd7
9. Bg5 Nd4 10. Nxd4 cxd4 11. Ne2 Qb6 12. b4 h6 13. Bh4 1-0

[Event "AUTO-MASTER-1365"]
[Site "http://www.queenalice.com/game.php?id=911583"]
[Date "2011.3.11"]
[Round "1"]
[White "GM_V_Kramnik"]
[Black "afonso092"]
[Result "0-1"]
[WhiteElo "1982"]
[BlackElo "1994"]

1. e4 e5 2. Nf3 d6 3. d4 exd4 4. Nxd4 h6 5. Nc3 Nf6 6. Bf4 Be7 7. Be2 O-O 8. O-O
Bd7 9. Qd3 Nc6 10. Rad1 Nxd4 11. Qxd4 Bc6 12. b4 a6 0-1

[Event "AUTO-MASTER-1365"]
[Site "http://www.queenalice.com/game.php?id=911594"]
[Date "2011.3.11"]
[Round "1"]
[White "Artking"]
[Black "GM_V_Kramnik"]
[Result "1-0"]
[WhiteElo "1882"]
[BlackElo "2210"]

1. d4 Nf6 2. c4 e6 3. Nc3 Bb4 4. Qc2 O-O 5. e4 d5 6. e5 Ne4 7. Bd3 c5 8. a3
Bxc3+ 9. bxc3 cxd4 10. cxd4 Nc6 11. Be3 Qa5+ 12. Kf1 Nb4 13. Qb1 Nxd3 14. Qxd3
1-0

[Event "AUTO-MASTER-1365"]
[Site "http://www.queenalice.com/game.php?id=911595"]
[Date "2011.3.11"]
[Round "1"]
[White "GM_V_Kramnik"]
[Black "Artking"]
[Result "1-0"]
[WhiteElo "2205"]
[BlackElo "1904"]

1. e4 c5 2. Nf3 a6 3. d4 cxd4 4. Nxd4 d6 5. Nc3 Nf6 6. Bg5 e6 7. f4 Bd7 8. f5
Nc6 9. Bc4 Rc8 10. fxe6 fxe6 11. Nxe6 Bxe6 12. Bxe6 Rc7 13. Nd5 Be7 14. O-O Nxd5
15. Qh5+ 1-0

[Event "AUTO-MASTER-1365"]
[Site "http://www.queenalice.com/game.php?id=911600"]
[Date "2011.3.11"]
[Round "1"]
[White "Gastaodacunha"]
[Black "GM_V_Kramnik"]
[Result "1-0"]
[WhiteElo "2120"]
[BlackElo "1884"]

1. e4 c5 2. Bc4 e6 3. Nc3 Nc6 4. d3 Nge7 5. Nge2 a6 6. a3 Ng6 7. O-O Be7 8. f4
b5 9. Ba2 O-O 10. f5 Nge5 11. Ng3 Nd4 12. Nce2 1-0

[Event "AUTO-MASTER-1365"]
[Site "http://www.queenalice.com/game.php?id=911601"]
[Date "2011.3.11"]
[Round "1"]
[White "GM_V_Kramnik"]
[Black "Gastaodacunha"]
[Result "0-1"]
[WhiteElo "1877"]
[BlackElo "2125"]

1. e4 e6 2. d4 d5 3. Nd2 dxe4 4. Nxe4 Nd7 5. Nf3 Ngf6 6. Nxf6+ Nxf6 7. Bg5 Be7
8. Bd3 O-O 9. O-O b6 10. Re1 Bb7 11. Ne5 Nd7 0-1

[Event "AUTO-OPEN-2295"]
[Site "http://www.queenalice.com/game.php?id=912455"]
[Date "2011.3.14"]
[Round "1"]
[White "justeldiablo"]
[Black "GM_V_Kramnik"]
[Result "1-0"]
[WhiteElo "1818"]
[BlackElo "1871"]

1. d4 Nf6 2. c4 e6 3. Bg5 h6 4. Bxf6 Qxf6 5. e4 c5 6. Nf3 g5 7. e5 Qg7 8. Nc3
cxd4 9. Qxd4 Nc6 10. Qe4 Bb4 11. Bd3 d6 12. O-O 1-0